00581 2200193 4500001002100000005001500021035002000036008004100056245008000097100002800177260003000205300002500235020001500260084002200275082001600297650004600313990001400359990001400373INLIS00000000000000320260413015102 a0010-0317000001260413 0 1 a1.700 alamat situs pendidikan, pengetahuan, hiburan untuk anak dan keluarga aSetiawan, Titus Permadi aYogyakarta :bAndi,c2004 av, 149 hlm. ;c19 cm a9797311805 a004.678 025 Set s a004.678 025 aINTERNET (COMPUTER NETWORK) - DIRECTORIES a026907211 a026807211